Les pays dont la population parle russe - Statistiques

Statistiques générales
  • Ce quiz a été pris 179 fois
  • Le résultat moyen est 8 sur 11
Statistiques - réponses
Pays Pourcentage % Correct
Russie 96%
100%
Ukraine 29%
98%
Biélorussie 70%
97%
Estonie 71%
80%
Lettonie 33%
75%
Moldavie 64%
63%
Arménie 93%
62%
Kazakhstan 94%
60%
Tadjikistan 25%
58%
Azerbaïdjan 69%
52%
Kirghizistan 49%
40%
Aucun quiz correspondant
Distribution des résultats
% des personnes avec chaque résultat
Percentile par nombre de réponses
Votre historique - résultats
Vous n’avez pas pris ce quiz